[Event "Malatya Golden Apricot op 7th"]
[Site "Malatya"]
[Date "2024.08.27"]
[Round "1"]
[White "Yildiz, Tunahan"]
[Black "Ozmen, Sevket Mert"]
[Result "1/2-1/2"]
[WhiteElo "1846"]
[BlackElo "1794"]
[PlyCount "53"]
[EventDate "2024.08.26"]
[EventType "swiss"]
[EventRounds "9"]
[EventCountry "TUR"]
[SourceTitle "EXT 2025"]
[Source "ChessBase"]
[SourceDate "2024.10.14"]
[SourceVersion "1"]
[SourceVersionDate "2024.10.14"]
[SourceQuality "1"]

1. d4 d5 2. c4 c6 3. Nf3 Nf6 4. Nc3 e6 5. e3 Nbd7 6. Bd3 dxc4 7. Bxc4 b5 8. Bd3 Bb7 9. 0-0 a6 10. a4 b4 11. Ne4 Nxe4 12. Bxe4 a5 13. b3 Bd6 14. Bb2 0-0 15. Rc1 Rc8 16. Ne5 Nf6 17. Bxc6 Bxe5 18. dxe5 Bxc6 19. exf6 Qxd1 20. Rfxd1 gxf6 21. Rd4 f5 22. Rdc4 Bb7 23. Rxc8 Rxc8 24. Rxc8+ Bxc8 25. Bd4 Bb7 26. Bb6 Bd5 27. Bxa5 1/2-1/2

[Event "TUR-ch U20"]
[Site "Samsun"]
[Date "2024.05.21"]
[Round "6"]
[White "Ozgun, Yigit Deniz"]
[Black "Ozmen, Sevket Mert"]
[Result "1-0"]
[WhiteElo "1917"]
[BlackElo "1749"]
[PlyCount "50"]
[EventDate "2024.05.18"]
[EventType "swiss"]
[EventRounds "9"]
[EventCountry "TUR"]
[SourceTitle "EXT 2025"]
[Source "ChessBase"]
[SourceDate "2024.10.14"]
[SourceVersion "1"]
[SourceVersionDate "2024.10.14"]
[SourceQuality "1"]

1. d4 d5 2. Nf3 Nf6 3. Bf4 c5 4. e3 Nc6 5. Nbd2 Bf5 6. dxc5 e6 7. b4 Nxb4 8. Bb5+ Nc6 9. Nd4 Rc8 10. N2b3 Be7 11. Nxc6 bxc6 12. Ba6 Ne4 13. Bxc8 Qxc8 14. Be5 0-0 15. 0-0 f6 16. Bb2 Nxc5 17. Ba3 Nxb3 18. Bxe7 Nxa1 19. Bxf8 Nxc2 20. Bc5 Qa6 21. Qb1 Kf7 22. Qb8 Qe2 23. Qxa7+ Kg6 24. Bf8 Bd3 25. Qxg7+ Kf5 1-0

[Event "TUR-ch Youth"]
[Site "Denizli"]
[Date "2022.05.28"]
[Round "8"]
[White "Ozmen, Sevket Mert"]
[Black "Atik, Muhammed Ihsan"]
[Result "0-1"]
[WhiteElo "1345"]
[BlackElo "1685"]
[PlyCount "46"]
[EventDate "2022.05.24"]
[EventType "swiss"]
[EventRounds "9"]
[EventCountry "TUR"]
[SourceTitle "EXT 2023"]
[Source "ChessBase"]
[SourceDate "2022.10.05"]
[SourceVersion "1"]
[SourceVersionDate "2022.10.05"]
[SourceQuality "1"]

1. e4 c5 2. c3 Nf6 3. e5 Nd5 4. d4 cxd4 5. Nf3 e6 6. cxd4 b6 7. a3 Bb7 8. Bd3 Qc7 9. 0-0 d6 10. Qe2 Nd7 11. Bd2 Rd8 12. Rd1 Be7 13. Nc3 Nxc3 14. Bxc3 dxe5 15. dxe5 0-0 16. Rac1 Nc5 17. Bb1 Rxd1+ 18. Rxd1 Rd8 19. b4 Ba6 20. Qc2 Bd3 21. Rxd3 Nxd3 22. Ne1 g6 23. Nxd3 Rc8 0-1

[Event "TUR-ch Youth"]
[Site "Denizli"]
[Date "2022.05.26"]
[Round "5"]
[White "Ozmen, Sevket Mert"]
[Black "Egeli, Sercan Veli"]
[Result "0-1"]
[WhiteElo "1345"]
[BlackElo "1582"]
[PlyCount "36"]
[EventDate "2022.05.24"]
[EventType "swiss"]
[EventRounds "9"]
[EventCountry "TUR"]
[SourceTitle "EXT 2023"]
[Source "ChessBase"]
[SourceDate "2022.10.05"]
[SourceVersion "1"]
[SourceVersionDate "2022.10.05"]
[SourceQuality "1"]

1. e4 c5 2. c3 d5 3. exd5 Qxd5 4. d4 Nc6 5. Nf3 Bf5 6. Be2 cxd4 7. cxd4 Bxb1 8. Rxb1 Qxa2 9. Qc2 e6 10. Bd2 Qd5 11. 0-0 Bd6 12. Ne5 Nxd4 13. Qa4+ b5 14. Qxd4 Qxd4 15. Bxb5+ Kf8 16. Nd7+ Ke7 17. Bc3 Qf4 18. g3 Qg5 0-1